000 00239nam a2200109Ia 4500
100 _aTanenbaum /Andrew S.
942 _c#NAME?
245 _aComputer Networks
260 _bPrentice Hall of India
_aNew Delhi
082 _a4
300 _a891
999 _c20505
_d20505